| 000 | 00339nam a22001217a 4500 | ||
|---|---|---|---|
| 082 | _a220 PRO | ||
| 100 |
_aSAJJAD, TALHA, MASHOOD, ADEEM, _971868 |
||
| 245 | _aPR-SOF-1237-CONTROL UNIT OF A SMALL CNC | ||
| 260 |
_aISLAMABAD _bNUST COLLEGE OF EME _c2013 |
||
| 650 |
_aDE-MTS-31 _971869 |
||
| 700 |
_aSUPERVISOR SALEEM _971870 |
||
| 942 | _cCR | ||
| 999 |
_c578152 _d578152 |
||